| 000 | 00858nam a2200277Ia 4500 | ||
|---|---|---|---|
| 003 | OSt | ||
| 005 | 20221005092555.0 | ||
| 006 | a|||||r|||| 00| 0 | ||
| 007 | ta | ||
| 008 | 221004b |||||||| |||| 00| 0 eng d | ||
| 020 |
_a9780415842969 (hbk) _cUKP 175.00 |
||
| 024 | _a38330 | ||
| 037 |
_b210, 17/01/2018, Classic Book Service _cTextual |
||
| 040 |
_aCRL _cCRL _beng |
||
| 041 |
_2eng _aeng |
||
| 082 | _aF:(R), Q8 | ||
| 100 | _aPitt Joseph C Ed. | ||
| 245 | 0 |
_aSpaces for the future _b companion to philosophy of technology |
|
| 260 |
_aNew York _bRoutledge USA _c2018 |
||
| 300 |
_axi,364p. _ccm. |
||
| 650 | _a TECHNOLOGY | ||
| 650 | _aPHILOSOPHY | ||
| 700 |
_a Shew Ashley Ed. _9445952 |
||
| 942 |
_hF:(R), Q8 _cTEXL _2cc |
||
| 999 |
_c999058 _d999058 |
||